Statistiken für Provinzen von China mit Karte

Klicken Sie hier um das Quiz zu spielen!

Allgemein

  • Dieses Quiz wurde 929 mal gespielt
  • Das Durchschnittsergebnis liegt bei 16 aus 33

Antworten auf der Karte

Die Antworten werden auf der Karte rot bzw. grün angezeigt, abhängig davon wie oft sie richtig erraten wurden.
 

Antwortstatistiken

ArtName% Korrekt
Regierungsunmittelbare StadtPeking
93%
Regierungsunmittelbare StadtShanghai
86%
Autonomes GebietTibet
86%
SonderverwaltungszoneHongkong
78%
Autonomes GebietInnere Mongolei
66%
SonderverwaltungszoneMacao
62%
ProvinzHainan
59%
ProvinzHubei
53%
ProvinzHebei
52%
ProvinzGuangdong
51%
ProvinzSichuan
51%
Regierungsunmittelbare StadtTianjin
51%
ProvinzYunnan
51%
ProvinzHenan
49%
Autonomes GebietXinjiang Uigur
49%
Regierungsunmittelbare StadtChongqing
46%
ProvinzHunan
46%
ProvinzShaanxi
46%
ProvinzShanxi
46%
ProvinzShandong
43%
ProvinzGansu
40%
ProvinzFujian
38%
ProvinzAnhui
35%
ProvinzJiangsu
35%
ProvinzJilin
35%
ProvinzHeilongjiang
34%
ProvinzQinghai
31%
ProvinzZhejiang
31%
ProvinzJiangxi
30%
ProvinzLiaoning
28%
ProvinzGuizhou
25%
Autonomes GebietNingxia Hui
13%
Autonomes GebietGuanxi Zhuang
11%

Verteilung der Resultate

Perzentil nach korrekt beantworteten Fragen

Anzahl Personen mit jedem Resultat

Ihre Resultats-Entwicklung

Sie haben dieses Quiz noch nicht gespielt